| 000 | 01901nam a2200397 c 4500 | ||
|---|---|---|---|
| 003 | BLK | ||
| 005 | 20250102092337.0 | ||
| 008 | 180408b bul|||||r ||||||| ||bul|| | ||
| 010 | _aKNG00066953000 | ||
| 040 | _aBLK | ||
| 041 |
_aBUL _cBUL _hENG |
||
| 080 |
_aЛексикология. Езикови речници и разговорници. Лексикография _b81`374 _x=163.2=111 _z81`374=163.2=111 |
||
| 100 | 1 |
_aАтанасова, Теодора Пантелеева _eпърви автор _9364286 |
|
| 700 | 1 |
_aAtanasova, Teodora Panteleeva _e* _9290993 |
|
| 700 |
_aФилипов, Владимир _d1925-2004 _9363823 |
||
| 139 |
_aАтанасова, Теодора Пантелеева _bБ 92 |
||
| 245 | 1 | 0 |
_aБългарско-английски речник _bТ. 1 - 2 _cТеодора Пантелеева Атанасова; * Teodora Panteleeva Atanasova; предг. от на том Владимир Филипов. _nТ. 1 _pА - Н |
| 246 | 1 | 1 | _aBulgarian-English dictionary : Vol. 1-2 |
| 250 | _aНово осъвременено и разш. изд. | ||
| 257 | _aBGR | ||
| 260 |
_аСофия _bЕМАС _c2004 _fСофия : Д. Благоев |
||
| 300 | _c24 см | ||
| 380 | _a80 | ||
| 650 | 4 |
_aБългарски език - речници, българско-английски _9244715 |
|
| 653 | _aбългаро-английски речници | ||
| 653 | _aбългарски език | ||
| 653 | _aанглийски език | ||
| 720 |
_aT. Atanasova et al. _eпаралелен автор |
||
| 760 | 1 |
_aАтанасова, Теодора Пантелеева _bНово осъвременено и разш. изд. _d2004 _h756 с. _tТ. 1 А - Н |
|
| 852 | _aЦб 228437 | ||
| 856 | 4 |
_qpdf _u |
|
| 856 | 4 |
_qpdf _u |
|
| 942 |
_cKNG _n0 |
||
| 944 |
_aCR _c05.07.2006 _k30540 _lСевдалина Тодорова |
||
| 944 |
_aED _c04.01.2007 _k |
||
| 999 |
_c62728 _d62728 |
||